<?xml version="1.0" encoding="UTF-8"?><?xml-stylesheet type="text/xsl" href="static/style.xsl"?><OAI-PMH xmlns="http://www.openarchives.org/OAI/2.0/" xmlns:xsi="http://www.w3.org/2001/XMLSchema-instance" xsi:schemaLocation="http://www.openarchives.org/OAI/2.0/ http://www.openarchives.org/OAI/2.0/OAI-PMH.xsd"><responseDate>2026-04-14T03:30:17Z</responseDate><request verb="GetRecord" identifier="oai:www.recercat.cat:10256/24269" metadataPrefix="marc">https://recercat.cat/oai/request</request><GetRecord><record><header><identifier>oai:recercat.cat:10256/24269</identifier><datestamp>2024-06-14T10:20:52Z</datestamp><setSpec>com_2072_452955</setSpec><setSpec>com_2072_2054</setSpec><setSpec>col_2072_453076</setSpec></header><metadata><record xmlns="http://www.loc.gov/MARC21/slim" xmlns:dcterms="http://purl.org/dc/terms/" xmlns:xsi="http://www.w3.org/2001/XMLSchema-instance" xmlns:doc="http://www.lyncode.com/xoai" xsi:schemaLocation="http://www.loc.gov/MARC21/slim http://www.loc.gov/standards/marcxml/schema/MARC21slim.xsd">
   <leader>00925njm 22002777a 4500</leader>
   <datafield ind2=" " ind1=" " tag="042">
      <subfield code="a">dc</subfield>
   </datafield>
   <datafield ind2=" " ind1=" " tag="720">
      <subfield code="a">Vasileva, Fidanka</subfield>
      <subfield code="e">author</subfield>
   </datafield>
   <datafield ind2=" " ind1=" " tag="720">
      <subfield code="a">Vasilev, Angjel</subfield>
      <subfield code="e">author</subfield>
   </datafield>
   <datafield ind2=" " ind1=" " tag="720">
      <subfield code="a">Font Lladó, Raquel</subfield>
      <subfield code="e">author</subfield>
   </datafield>
   <datafield ind2=" " ind1=" " tag="720">
      <subfield code="a">Georgiev, Georgi</subfield>
      <subfield code="e">author</subfield>
   </datafield>
   <datafield ind2=" " ind1=" " tag="260">
      <subfield code="c">2021-12-21</subfield>
   </datafield>
   <datafield ind2=" " ind1=" " tag="520">
      <subfield code="a">This pilot study has been carried out on a sample of 51 participants - children aged 6-8 years, pupils in grades 1 and 2 at Elementary School Dimkata Angelov-Gaberot in Vatasha, Kavadarci, Republic of North Macedonia. The main objectives were: 1) to assess explosive leg power and flexibility of lower back and hamstring muscles; 2) to compare these parameters by age and sex. Measurement of anthropometric characteristics (height, weight and BMI) and assessment of explosive leg power and flexibility of lower back and hamstring muscles were performed in the school. In order to examine whether data have a normal distribution, skewness and kurtosis values and Kolmogorov-Smirnov test were used. Basic mathematical and appropriate statistical methods were used to calculate descriptive statistical parameters. Student's t-test was applied to test the difference between groups formed based on age and sex. Boys in grades 1 and 2 showed better results than girls in standing long jump (SLJ) test, while girls in Grade 1 performed better in flexibility test (FT). Second graders who have been involved in Physical Education classes longer than first graders, have shown better results in SLJ test than first graders. The reason for this outcome is that second graders have practiced more and have a better performance technique that influenced the jump distance</subfield>
   </datafield>
   <datafield ind1="8" ind2=" " tag="024">
      <subfield code="a">http://hdl.handle.net/10256/24269</subfield>
   </datafield>
   <datafield tag="653" ind2=" " ind1=" ">
      <subfield code="a">Educació física -- Educació primària</subfield>
   </datafield>
   <datafield tag="653" ind2=" " ind1=" ">
      <subfield code="a">Physical education and training -- Study and teaching (Primary)</subfield>
   </datafield>
   <datafield tag="653" ind2=" " ind1=" ">
      <subfield code="a">Motricitat en els infants</subfield>
   </datafield>
   <datafield tag="653" ind2=" " ind1=" ">
      <subfield code="a">Motor ability in children</subfield>
   </datafield>
   <datafield ind2="0" ind1="0" tag="245">
      <subfield code="a">Explosive leg power and flexibility in school children aged 6-8 years</subfield>
   </datafield>
</record></metadata></record></GetRecord></OAI-PMH>